Slovak Economic Growth and the Consistancy of the Balance-of Payments Constraint Approach

Guardado en:
Detalles Bibliográficos
Autor principal: Soukiazis, Elias
Otros Autores: Muchová, Eva, 1961-, Lisý, Ján
Formato: Capítulo de libro
Lenguaje:inglés
Materias:
Etiquetas: Agregar Etiqueta
Sin Etiquetas, Sea el primero en etiquetar este registro!

MARC

LEADER 00000naa a2200000 4500
001 0180657
005 20240502073102.3
041 0 |a eng 
044 |a SK 
245 1 0 |a Slovak Economic Growth and the Consistancy of the Balance-of Payments Constraint Approach  |c Elias Soukiazis, Eva Muchová, Ján Lisý 
610 2 0 |a Slovensko 
610 2 0 |a analýza ekonomická 
610 2 0 |a modely ekonomicko-matematické 
610 2 0 |a hypotézy 
610 2 0 |a rovnováha rastu hospodárskeho 
610 2 0 |a rast hospodársky 
610 2 0 |a bilancia platobná 
100 1 |a Soukiazis, Elias 
700 1 |a Muchová, Eva, 1961- 
700 1 |a Lisý, Ján